00462pab a2200169 454500008004000000100001800040245006400058260000900122300001500131362001600146650001000162650002400172650002700196700001800223700001700241773003400258180718b1997 xxu||||| |||| 00| 0 eng d aNachanc, D.M. aThe interest rate embroglio: monetary and fiscal dimensions c1997 ap.1167-174 a17 & 24 May aMoney aIncome distribution aFinancial institutions aHatekar, N.R. aKarnik, A.V. aEconomic and Political Weekly